[Event "Colin Crouch Masters 1st"]
[Site "Harrow High School"]
[Date "2016.04.02"]
[Round "1.1"]
[White "Berkes, Ferenc"]
[Black "Willmoth, Robert F"]
[Result "1-0"]
[WhiteElo "2644"]
[BlackElo "2152"]
[PlyCount "53"]
[EventDate "2016.04.02"]
[EventType "swiss"]
[EventRounds "9"]
[EventCountry "ENG"]
[Source "John Saunders"]
[SourceDate "2016.04.28"]
[WhiteClock "0:59:57"]
[BlackClock "0:24:30"]

1. d4 d5 2. c4 e6 3. Nc3 Nf6 4. cxd5 exd5 5. Bg5 Be7 6. e3 O-O 7. Bd3 Nbd7 8.
Nge2 Re8 9. O-O c6 10. f3 Nf8 11. Bh4 b6 12. Kh1 Qd7 13. Bf2 a5 14. e4 dxe4 15.
fxe4 Ba6 16. Bxa6 Rxa6 17. Bg1 b5 18. Ng3 Ne6 19. Rc1 Raa8 20. d5 cxd5 21. e5
d4 22. exf6 Bxf6 23. Rxf6 gxf6 24. Nh5 Qe7 25. Nd5 Qd6 26. Nhxf6+ Kh8 27. Qh5
1-0

[Event "Colin Crouch Masters 1st"]
[Site "Harrow High School"]
[Date "2016.04.02"]
[Round "1.2"]
[White "Warman, Simon M"]
[Black "Gareyev, Timur"]
[Result "0-1"]
[WhiteElo "2130"]
[BlackElo "2611"]
[PlyCount "68"]
[EventDate "2016.04.02"]
[EventType "swiss"]
[EventRounds "9"]
[EventCountry "ENG"]
[Source "John Saunders"]
[SourceDate "2016.04.28"]
[WhiteClock "0:00:35"]
[BlackClock "0:55:43"]

1. e4 e5 2. Nf3 Nc6 3. Bb5 f5 4. d3 fxe4 5. dxe4 Nf6 6. O-O Bc5 7. Nc3 d6 8.
Bg5 O-O 9. Nd5 Kh8 10. c3 Ne7 11. Nxf6 gxf6 12. Bh6 Rg8 13. b4 Bb6 14. Bc4 Rg4
15. Qd3 Qe8 16. h3 Rg6 17. Bd2 d5 18. exd5 Bf5 19. Qe2 Bxh3 20. Ng5 Bf5 21. d6
cxd6 22. Bf7 Qd7 23. Bxg6 Bxg6 24. Ne4 f5 25. Ng5 f4 26. Rfe1 Rf8 27. Qf3 Nf5
28. Qd5 Qd8 29. Ne6 Qh4 30. Qf3 Bh5 31. Qh3 Qxf2+ 32. Kh2 Rg8 33. Rg1 Bg4 34.
Raf1 Qxd2 0-1

[Event "Colin Crouch Masters 1st"]
[Site "Harrow High School"]
[Date "2016.04.02"]
[Round "1.3"]
[White "Vakhidov, Jahongir"]
[Black "Stanisz, Patryk"]
[Result "1-0"]
[WhiteElo "2576"]
[BlackElo "2128"]
[PlyCount "77"]
[EventDate "2016.04.02"]
[EventType "swiss"]
[EventRounds "9"]
[EventCountry "ENG"]
[Source "John Saunders"]
[SourceDate "2016.04.28"]
[WhiteClock "0:00:44"]
[BlackClock "0:00:36"]

1. g3 d5 2. Nf3 Nf6 3. Bg2 c6 4. O-O Nbd7 5. d4 e6 6. c4 b5 7. cxb5 cxb5 8. Bf4
Be7 9. Qb3 Qb6 10. Rc1 Bd8 11. Nc3 a6 12. a4 bxa4 13. Qxa4 O-O 14. Nd2 Nh5 15.
Nc4 dxc4 16. Bxa8 Nxf4 17. gxf4 Qxd4 18. Rd1 Qxf4 19. Rxd7 Bxd7 20. Qxd7 Bc7
21. Bg2 Qxh2+ 22. Kf1 h5 23. Rxa6 Rd8 24. Ra8 Rxa8 25. Bxa8 g6 26. Qd4 g5 27.
Bg2 g4 28. Qxc4 Bb6 29. Ne4 Qe5 30. Qc1 Kf8 31. Qh6+ Ke8 32. Qd2 Bd4 33. Qb4
Bxb2 34. Nd6+ Kd7 35. Nc4 Qc7 36. Nb6+ Ke8 37. Qxb2 g3 38. Qb5+ Kf8 39. Qc5+ {
Qa7} 1-0

[Event "Colin Crouch Masters 1st"]
[Site "Harrow High School"]
[Date "2016.04.02"]
[Round "1.4"]
[White "Grieve, Harry"]
[Black "Fodor, Tamas Jr"]
[Result "0-1"]
[WhiteElo "2106"]
[BlackElo "2505"]
[PlyCount "78"]
[EventDate "2016.04.02"]
[EventType "swiss"]
[EventRounds "9"]
[EventCountry "ENG"]
[Source "John Saunders"]
[SourceDate "2016.04.28"]
[WhiteClock "0:00:55"]
[BlackClock "0:18:50"]

1. d4 d5 2. Bg5 Nf6 3. Bxf6 gxf6 4. c4 dxc4 5. e3 f5 6. Bxc4 Bg7 7. Nc3 a6 8.
Qf3 Nd7 9. Nge2 Nf6 10. O-O O-O 11. Rfd1 Kh8 12. d5 Ne8 13. Nd4 Nd6 14. Bb3 Rg8
15. Nce2 Bd7 16. Ng3 Qc8 17. Rac1 Bf6 18. h3 Bh4 19. Nde2 a5 20. Kh2 Bf6 21.
Nd4 Be5 22. Bc2 Ra6 23. Qh5 Qf8 24. f4 Bxd4 25. Rxd4 Qg7 26. Qf3 Nb5 27. Rd2
Qxb2 28. Rcd1 Qf6 29. e4 fxe4 30. Nxe4 Qh4 31. Nc5 Bg4 32. Qd3 Bxd1 33. Bxd1
Qxf4+ 34. Kg1 Rg3 35. Qc2 Rag6 36. Qb2+ Nc3 37. Nd3 Qe3+ 38. Kh1 Rxh3+ 39. gxh3
Qg1# 0-1

[Event "Colin Crouch Masters 1st"]
[Site "Harrow High School"]
[Date "2016.04.02"]
[Round "1.5"]
[White "Gormally, Daniel W"]
[Black "Kolodkin, Daniil"]
[Result "1-0"]
[WhiteElo "2490"]
[BlackElo "2104"]
[PlyCount "89"]
[EventDate "2016.04.02"]
[EventType "swiss"]
[EventRounds "9"]
[EventCountry "ENG"]
[Source "John Saunders"]
[SourceDate "2016.04.28"]
[WhiteClock "0:56:12"]
[BlackClock "0:28:54"]

1. e4 c5 2. Nf3 d6 3. d4 cxd4 4. Nxd4 Nf6 5. Nc3 a6 6. Be3 e5 7. Nb3 Be6 8. f3
Nbd7 9. g4 Qc7 10. Qd2 b5 11. O-O-O Rc8 12. Kb1 Nb6 13. Bxb6 Qxb6 14. h4 Be7
15. Bh3 b4 16. Nd5 Bxd5 17. exd5 Rc4 18. Qd3 Rf4 19. g5 Nh5 20. Bg4 Ng3 21.
Rhg1 Qf2 22. Qxa6 O-O 23. Qb7 f5 24. gxf6 Bxf6 25. Qc7 Rd8 26. Na5 Ne2 27. Rgf1
Rd4 28. Nc6 Rxd1+ 29. Rxd1 Qc5 30. Qb7 Rf8 31. Qxb4 Qxb4 32. Nxb4 Bxh4 33. a4
Ra8 34. Bd7 Rb8 35. Bb5 Nd4 36. Nc6 Rf8 37. Nxd4 exd4 38. a5 Bf2 39. a6 h5 40.
Bd3 g5 41. Rh1 g4 42. Rxh5 gxf3 43. a7 Ra8 44. Rh7 Be1 45. Rb7 1-0

[Event "Colin Crouch Masters 1st"]
[Site "Harrow High School"]
[Date "2016.04.02"]
[Round "1.6"]
[White "Golding, James"]
[Black "Tan, Justin"]
[Result "0-1"]
[WhiteElo "2095"]
[BlackElo "2452"]
[PlyCount "162"]
[EventDate "2016.04.02"]
[EventType "swiss"]
[EventRounds "9"]
[EventCountry "ENG"]
[Source "John Saunders"]
[SourceDate "2016.04.28"]
[WhiteClock "0:41:40"]
[BlackClock "0:04:36"]

1. d4 Nf6 2. c4 e6 3. Nf3 d5 4. Nc3 c6 5. Bg5 h6 6. Bxf6 Qxf6 7. a3 Nd7 8. e4
dxe4 9. Nxe4 Qf4 10. Bd3 Be7 11. O-O O-O 12. Re1 b6 13. b4 Bb7 14. c5 Rad8 15.
Qc2 Qc7 16. Rad1 Kh8 17. Kh1 Nf6 18. Nxf6 Bxf6 19. Bc4 Rd7 20. Qe4 Rfd8 21. Rd3
bxc5 22. dxc5 Rxd3 23. Bxd3 Kg8 24. h3 Kf8 25. Qe2 a5 26. Qc2 axb4 27. axb4 Qb8
28. Be4 Ba8 29. Qc4 Qa7 30. Rb1 Bb7 31. Qb3 Ke7 32. Rd1 Rxd1+ 33. Qxd1 Qa1 34.
Bb1 Ke8 35. Qe1 Qb2 36. Qe4 Qxf2 37. Bd3 Qb2 38. Qf4 Qa1+ 39. Kh2 Qa8 40. Qc7
Qc8 41. Qa5 Qd8 42. Qa7 Qa8 43. Qxa8+ Bxa8 44. Ne1 Bb7 45. Kg3 Bc3 46. Nc2 Ke7
47. Kf4 f5 48. Ke3 Kf6 49. Bc4 e5 50. Kd3 Bb2 51. Ne3 Ba3 52. Nc2 Bb2 53. Ne3
e4+ 54. Kc2 Bd4 55. Nf1 Bc8 56. Nd2 Bf2 57. Kd1 Ke5 58. Nb3 Bd7 59. Ba6 Bg3 60.
Kd2 Kd5 61. Na5 Bc7 62. Nc4 Kd4 63. Na3 f4 64. Nc2+ Ke5 65. Bb7 g5 66. Kc3 h5
67. Nd4 Kd5 68. Ba6 g4 69. hxg4 hxg4 70. Bc4+ Ke5 71. Nc2 f3 72. Bf1 Kf4 73.
Kd2 Be5 74. Ne1 e3+ 75. Kd1 e2+ 76. Bxe2 fxe2+ 77. Kxe2 Ke4 78. Nc2 Bc8 79. Na3
Ba6+ 80. Kf2 g3+ 81. Ke1 Bc3+ 0-1

[Event "Colin Crouch Masters 1st"]
[Site "Harrow High School"]
[Date "2016.04.02"]
[Round "1.7"]
[White "Lalic, Bogdan"]
[Black "Kalavannan, Koby"]
[Result "1-0"]
[WhiteElo "2425"]
[BlackElo "2094"]
[PlyCount "79"]
[EventDate "2016.04.02"]
[EventType "swiss"]
[EventRounds "9"]
[EventCountry "ENG"]
[Source "John Saunders"]
[SourceDate "2016.04.28"]
[WhiteClock "0:55:17"]
[BlackClock "0:10:55"]

1. d4 Nf6 2. c4 g6 3. Nc3 Bg7 4. e4 d6 5. f3 O-O 6. Nge2 Nc6 7. Bg5 h6 8. Be3
e5 9. d5 Ne7 10. Qd2 Kh7 11. g4 Bd7 12. Ng3 Ne8 13. Bd3 c5 14. h4 a6 15. a4 a5
16. O-O-O Nc8 17. g5 h5 18. f4 exf4 19. Bxf4 Kg8 20. Rde1 Qb6 21. e5 Qb4 22.
Qc2 dxe5 23. Bxe5 Ncd6 24. Bxg7 Nxg7 25. Nge4 Nxe4 26. Nxe4 Bxa4 27. Qc3 Qxc3+
28. bxc3 b5 29. cxb5 c4 30. Bxc4 Rab8 31. Nf6+ Kh8 32. Nd7 Rfc8 33. Nxb8 Rxc4
34. Rh3 Bxb5 35. Re7 Rc8 36. Nc6 Bxc6 37. dxc6 Kg8 38. c7 Kf8 39. Rhe3 Ne6 40.
R3xe6 1-0

[Event "Colin Crouch Masters 1st"]
[Site "Harrow High School"]
[Date "2016.04.02"]
[Round "1.8"]
[White "Fegan, Chris"]
[Black "Santos Ruiz, Miguel"]
[Result "1/2-1/2"]
[WhiteElo "2079"]
[BlackElo "2422"]
[PlyCount "90"]
[EventDate "2016.04.02"]
[EventType "swiss"]
[EventRounds "9"]
[EventCountry "ENG"]
[Source "John Saunders"]
[SourceDate "2016.04.28"]
[WhiteClock "0:50:10"]
[BlackClock "0:05:45"]

1. e4 e6 2. d3 d5 3. Nd2 Nf6 4. g3 Bc5 5. Bg2 Nc6 6. Ngf3 dxe4 7. dxe4 e5 8.
O-O O-O 9. h3 b6 10. c3 a5 11. Nb3 Bd6 12. Re1 Be6 13. Nh4 a4 14. Nd2 Bc5 15.
Nf1 Qxd1 16. Rxd1 Rfd8 17. Rxd8+ Rxd8 18. Bg5 Rd3 19. Nf5 Nh5 20. Be3 Bxe3 21.
N5xe3 a3 22. bxa3 Rxc3 23. a4 Nf6 24. Nd5 Bxd5 25. exd5 Nd4 26. Re1 Nd7 27. Re3
Rxe3 28. Nxe3 Ne2+ 29. Kf1 Nc3 30. a5 bxa5 31. Nc4 a4 32. a3 Nb5 33. Ke1 Kf8
34. Bf1 Ke7 35. Kd2 Nd6 36. Nb2 Nb6 37. Bd3 Nxd5 38. Nxa4 e4 39. Be2 Kd7 40.
Nc3 Kc6 41. a4 Nxc3 42. Kxc3 Kc5 43. a5 Nb5+ 44. Kd2 Nd4 45. a6 Kb6 1/2-1/2

[Event "Colin Crouch Masters 1st"]
[Site "Harrow High School"]
[Date "2016.04.02"]
[Round "1.9"]
[White "Eggleston, David J"]
[Black "Psaila, Clarence"]
[Result "1-0"]
[WhiteElo "2400"]
[BlackElo "2067"]
[PlyCount "87"]
[EventDate "2016.04.02"]
[EventType "swiss"]
[EventRounds "9"]
[EventCountry "ENG"]
[Source "John Saunders"]
[SourceDate "2016.04.28"]
[WhiteClock "1:00:12"]
[BlackClock "0:26:39"]

1. e4 e6 2. d4 d5 3. Nc3 Bb4 4. e5 Ne7 5. a3 Bxc3+ 6. bxc3 b6 7. Qg4 Ng6 8. h4
h5 9. Qd1 Qd7 10. Be2 Qc6 11. Bd2 Ba6 12. Bxh5 Nxh4 13. Rxh4 g6 14. Qg4 Qc4 15.
Ne2 Nc6 16. Ng3 O-O-O 17. Bxg6 Rxh4 18. Qxh4 fxg6 19. Qf6 Kb8 20. a4 Rg8 21.
Kd1 Na5 22. Qxe6 Rh8 23. Kc1 Rh1+ 24. Nxh1 Qf1+ 25. Kb2 Nc4+ 26. Ka2 Qe2 27.
Qg8+ Kb7 28. Qxd5+ Kb8 29. Qf3 Qxd2 30. Qd3 Qf4 31. Rb1 Qh4 32. f4 Kb7 33. Qe4+
Kb8 34. Qd3 Kb7 35. Ng3 Qe7 36. Rb4 Na5 37. Qe4+ Kb8 38. d5 Qc5 39. Qd4 Qf8 40.
e6 c5 41. Qe5+ Kb7 42. e7 Qe8 43. Ne4 Bc4+ 44. Kb2 1-0

[Event "Colin Crouch Masters 1st"]
[Site "Harrow High School"]
[Date "2016.04.02"]
[Round "1.10"]
[White "Harari, Zaki"]
[Black "Jackson, James P"]
[Result "0-1"]
[WhiteElo "2065"]
[BlackElo "2348"]
[PlyCount "74"]
[EventDate "2016.04.02"]
[EventType "swiss"]
[EventRounds "9"]
[EventCountry "ENG"]
[Source "John Saunders"]
[SourceDate "2016.04.28"]
[WhiteClock "0:02:35"]
[BlackClock "0:14:14"]

1. e4 e5 2. f4 exf4 3. Nf3 Nf6 4. Nc3 d5 5. exd5 Nxd5 6. Bc4 Be6 7. Qe2 Be7 8.
O-O Nc6 9. d4 O-O 10. Nxd5 Bxd5 11. c3 Bxc4 12. Qxc4 Bd6 13. Bd2 Qf6 14. Rae1
Qf5 15. Qb3 b6 16. Kh1 Ne7 17. Ne5 Ng6 18. Nc4 Rae8 19. Nxd6 cxd6 20. c4 Re4
21. Rxe4 Qxe4 22. Qc3 Nh4 23. Rf2 Re8 24. Kg1 g5 25. c5 dxc5 26. dxc5 bxc5 27.
Qxc5 h6 28. Qxa7 Ra8 29. Qc7 Rxa2 30. Qc8+ Kh7 31. Qc1 Ra6 32. Bc3 Nf5 33. Qf1
Rd6 34. Qe2 Ne3 35. h3 Rd1+ 36. Kh2 Qb1 37. g3 Rh1# 0-1

[Event "Colin Crouch Masters 1st"]
[Site "Harrow High School"]
[Date "2016.04.02"]
[Round "1.11"]
[White "Batchelor, Peter J"]
[Black "Rice, Chris B"]
[Result "1/2-1/2"]
[WhiteElo "2335"]
[BlackElo "2038"]
[PlyCount "83"]
[EventDate "2016.04.02"]
[EventType "swiss"]
[EventRounds "9"]
[EventCountry "ENG"]
[Source "John Saunders"]
[SourceDate "2016.04.28"]
[WhiteClock "0:03:11"]
[BlackClock "0:01:52"]

1. d4 d5 2. c4 c6 3. Nf3 Nf6 4. Nc3 dxc4 5. a4 Bf5 6. e3 e6 7. a5 Bb4 8. Qa4
Qe7 9. Bxc4 Nbd7 10. O-O O-O 11. Qb3 Rab8 12. Nh4 Bg6 13. Nxg6 hxg6 14. Rd1 e5
15. Bd2 Bd6 16. dxe5 Nxe5 17. Be2 g5 18. Qc2 g6 19. Ra4 Rfe8 20. Be1 Kg7 21.
Ne4 Nxe4 22. Qxe4 Rbd8 23. Bc3 f6 24. Rad4 Bc7 25. Rxd8 Rxd8 26. f4 Rxd1+ 27.
Bxd1 gxf4 28. exf4 Qc5+ 29. Qd4 Qxd4+ 30. Bxd4 Nd3 31. g3 Bxa5 32. Kf1 c5 33.
Be2 Nxf4 34. Bxf6+ Kxf6 35. gxf4 Bd2 36. Bf3 b6 37. Ke2 Bxf4 38. h3 Bc1 39. b3
g5 40. Kd3 Ke5 41. Kc4 Kd6 42. Kb5 1/2-1/2

[Event "Colin Crouch Masters 1st"]
[Site "Harrow High School"]
[Date "2016.04.02"]
[Round "1.12"]
[White "Rudd, Jack"]
[Black "Tarhon, Brian"]
[Result "1-0"]
[WhiteElo "2263"]
[BlackElo "2293"]
[PlyCount "61"]
[EventDate "2016.04.02"]
[EventType "swiss"]
[EventRounds "9"]
[EventCountry "ENG"]
[Source "John Saunders"]
[SourceDate "2016.04.28"]
[WhiteClock "1:18:47"]
[BlackClock "0:19:31"]

1. d4 Nf6 2. c4 e6 3. Nc3 Bb4 4. f3 d5 5. a3 Bxc3+ 6. bxc3 O-O 7. e3 b6 8. Bd3
Ba6 9. cxd5 exd5 10. Bxa6 Nxa6 11. Qd3 Qc8 12. Ne2 c5 13. O-O Re8 14. Ng3 Qb7
15. Ra2 Rad8 16. Re2 Re6 17. Qb1 Qc6 18. Bb2 Ne8 19. e4 Nd6 20. e5 Nc4 21. f4
Re7 22. Bc1 Nc7 23. Nf5 Ree8 24. Qd3 Qb5 25. Qg3 Ne6 26. Nh6+ Kf8 27. f5 Nc7
28. e6 Nd6 29. f6 Nxe6 30. fxg7+ Nxg7 31. Qxd6+ 1-0

[Event "Colin Crouch Masters 1st"]
[Site "Harrow High School"]
[Date "2016.04.02"]
[Round "1.13"]
[White "Wadsworth, Matthew J"]
[Black "Moreby, James"]
[Result "1-0"]
[WhiteElo "2290"]
[BlackElo "2008"]
[PlyCount "59"]
[EventDate "2016.04.02"]
[EventType "swiss"]
[EventRounds "9"]
[EventCountry "ENG"]
[Source "John Saunders"]
[SourceDate "2016.04.28"]
[WhiteClock "0:12:18"]
[BlackClock "0:18:53"]

1. c4 c5 2. g3 Nc6 3. Bg2 g6 4. Nc3 Bg7 5. Nf3 e6 6. d3 Nge7 7. Bg5 h6 8. Bd2
O-O 9. O-O Kh7 10. Rb1 d5 11. a3 a5 12. Na4 b6 13. b4 dxc4 14. b5 cxd3 15. bxc6
dxe2 16. Qxe2 Ba6 17. Qd1 Bxf1 18. Qxf1 Nd5 19. Qb5 Rb8 20. Bf4 Nxf4 21. gxf4
Qc7 22. Nxb6 Bf6 23. Qxc5 Be7 24. Qe3 Bd8 25. Ne5 Rxb6 26. Rxb6 Qxb6 27. Qxb6
Bxb6 28. Nd7 Rc8 29. Nxb6 Rc7 30. Na8 1-0

[Event "Colin Crouch Masters 1st"]
[Site "Harrow High School"]
[Date "2016.04.02"]
[Round "1.15"]
[White "Lyell, Mark"]
[Black "Topal, M Onat"]
[Result "1-0"]
[WhiteElo "2242"]
[BlackElo "1998"]
[PlyCount "51"]
[EventDate "2016.04.02"]
[EventType "swiss"]
[EventRounds "9"]
[EventCountry "ENG"]
[Source "John Saunders"]
[SourceDate "2016.04.28"]
[WhiteClock "0:28:06"]
[BlackClock "0:13:52"]

1. e4 c6 2. d4 d5 3. exd5 cxd5 4. Bd3 Nc6 5. c3 Nf6 6. Bf4 Bg4 7. Qb3 Qd7 8.
Nd2 e6 9. Ngf3 Bxf3 10. Nxf3 Be7 11. Ne5 Qc8 12. O-O O-O 13. Rae1 a6 14. Qd1 b5
15. Re3 b4 16. Rh3 g6 17. Qf3 bxc3 18. Nxc6 Qxc6 19. Be5 Ne4 20. Rxh7 f6 21.
Rxe7 fxe5 22. Qg4 Rf6 23. dxe5 Nxf2 24. Rxf2 Rxf2 25. Qxg6+ Kf8 26. Qg7# 1-0

[Event "Colin Crouch Masters 1st"]
[Site "Harrow High School"]
[Date "2016.04.02"]
[Round "1.16"]
[White "Golding, Alex"]
[Black "Osborne, Marcus E"]
[Result "0-1"]
[WhiteElo "1994"]
[BlackElo "2213"]
[PlyCount "78"]
[EventDate "2016.04.02"]
[EventType "swiss"]
[EventRounds "9"]
[EventCountry "ENG"]
[Source "John Saunders"]
[SourceDate "2016.04.28"]
[WhiteClock "1:08:56"]
[BlackClock "0:30:13"]

1. e4 e6 2. Nf3 d5 3. Nc3 Nf6 4. e5 Nfd7 5. d4 c5 6. dxc5 Nc6 7. Bf4 Nxc5 8. h4
Be7 9. Be2 f6 10. Qd2 fxe5 11. Nxe5 Bf6 12. Nxc6 bxc6 13. Bg5 O-O 14. O-O-O Rb8
15. Bxf6 Qxf6 16. Rh3 Ne4 17. Qe3 Nxc3 18. Qxc3 Qxc3 19. Rxc3 Rxf2 20. Bf3 e5
21. Rxc6 e4 22. Bxe4 dxe4 23. Rd8+ Rf8 24. Rxf8+ Kxf8 25. Kd2 Bf5 26. Rc5 g6
27. b3 Rd8+ 28. Ke3 Rc8 29. Ra5 Rxc2 30. g4 Bxg4 31. Rxa7 Bf5 32. Rxh7 Rc3+ 33.
Kd2 Rd3+ 34. Ke1 Bg4 35. Kf2 e3+ 36. Kg3 e2+ 37. Kxg4 e1=Q 38. Kg5 Qg3+ 39. Kf6
Rd6# 0-1

[Event "Colin Crouch Masters 1st"]
[Site "Harrow High School"]
[Date "2016.04.02"]
[Round "1.17"]
[White "Kalaiyalahan, Akshaya"]
[Black "Brozel, Sacha"]
[Result "1/2-1/2"]
[WhiteElo "2212"]
[BlackElo "1981"]
[PlyCount "113"]
[EventDate "2016.04.02"]
[EventType "swiss"]
[EventRounds "9"]
[EventCountry "ENG"]
[Source "John Saunders"]
[SourceDate "2016.04.28"]
[WhiteClock "0:13:15"]
[BlackClock "0:19:14"]

1. d4 e6 2. c4 Nf6 3. g3 Bb4+ 4. Bd2 c5 5. Bxb4 cxb4 6. Bg2 O-O 7. Nf3 d6 8.
O-O a5 9. a3 Na6 10. axb4 Nxb4 11. Nc3 Qe7 12. Nd2 e5 13. dxe5 dxe5 14. Nd5
Nbxd5 15. cxd5 e4 16. Nc4 Qc5 17. Rc1 Rd8 18. Qb3 a4 19. Qe3 Qxe3 20. Nxe3 Nxd5
21. Nxd5 Rxd5 22. Bxe4 Rb5 23. Rfd1 Be6 24. Rd2 g6 25. Rc7 Rb4 26. Bf3 Ra7 27.
h4 h5 28. Kg2 Kg7 29. Kh2 Kf6 30. Bg2 Kg7 31. e3 Rb5 32. Be4 Rb4 33. Bf3 Rb5
34. Bg2 Rb4 35. Bh3 Bxh3 36. Kxh3 Ra6 37. Kg2 Rab6 38. Rdd7 Rxb2 39. Rxf7+ Kg8
40. Rg7+ Kf8 41. Rgd7 Re6 42. Rxb7 Rxb7 43. Rxb7 Ra6 44. Rb2 a3 45. Ra2 Ke7 46.
f4 Kd6 47. e4 Ra4 48. Kf3 Kc5 49. g4 hxg4+ 50. Kxg4 Kb4 51. Kg5 Kb3 52. Rxa3+
Kxa3 53. Kxg6 Rxe4 54. h5 Rxf4 55. h6 Rh4 56. h7 Rxh7 57. Kxh7 1/2-1/2

[Event "Colin Crouch Masters 1st"]
[Site "Harrow High School"]
[Date "2016.04.02"]
[Round "1.18"]
[White "De Paolis, Fabrizio"]
[Black "Jones, Steven A"]
[Result "0-1"]
[WhiteElo "1878"]
[BlackElo "2211"]
[PlyCount "58"]
[EventDate "2016.04.02"]
[EventType "swiss"]
[EventRounds "9"]
[EventCountry "ENG"]
[Source "John Saunders"]
[SourceDate "2016.04.28"]
[WhiteClock "0:00:35"]
[BlackClock "0:37:20"]

1. d4 Nf6 2. c4 e6 3. Nf3 Bb4+ 4. Bd2 Qe7 5. g3 Nc6 6. Nc3 b6 7. Bg2 Na5 8. Ne5
Bb7 9. Bxb7 Nxb7 10. O-O O-O 11. Re1 c5 12. Bg5 h6 13. Bxf6 gxf6 14. Ng4 Bxc3
15. bxc3 f5 16. Ne5 Kh7 17. e4 f6 18. Nd3 fxe4 19. Rxe4 Nd6 20. Re1 cxd4 21.
cxd4 Nxc4 22. Nf4 Nd6 23. Qd3+ f5 24. d5 e5 25. Rac1 Rac8 26. Rxc8 Rxc8 27. Qe2
Nf7 28. Qh5 Qf6 29. Nd3 d6 0-1

[Event "Colin Crouch Masters 1st"]
[Site "Harrow High School"]
[Date "2016.04.02"]
[Round "1.19"]
[White "Hill, Alistair"]
[Black "Armstrong, William G"]
[Result "1-0"]
[WhiteElo "2204"]
[BlackElo "1868"]
[PlyCount "57"]
[EventDate "2016.04.02"]
[EventType "swiss"]
[EventRounds "9"]
[EventCountry "ENG"]
[Source "John Saunders"]
[SourceDate "2016.04.28"]

1. d4 Nf6 2. c4 g6 3. Nc3 Bg7 4. e4 d6 5. Nf3 O-O 6. Be2 e5 7. O-O Nbd7 8. Be3
a5 9. dxe5 dxe5 10. Qc2 c6 11. Nd2 Nh5 12. Bxh5 gxh5 13. Nf3 Qe8 14. Nh4 Kh8
15. Nf5 Rg8 16. Ne2 Nf6 17. Neg3 Bxf5 18. Nxf5 Bf8 19. f3 b5 20. Rfd1 Qe6 21.
Rac1 bxc4 22. Qxc4 Qxc4 23. Rxc4 Rb8 24. b3 Rg6 25. Nh4 Rg8 26. Rxc6 Bg7 27.
Bg5 Ne8 28. Rd8 Rxd8 29. Bxd8 1-0

[Event "Colin Crouch Masters 1st"]
[Site "Harrow High School"]
[Date "2016.04.02"]
[Round "1.20"]
[White "Young, Daniel J"]
[Black "Brzezinski, Adam"]
[Result "0-1"]
[WhiteElo "1807"]
[BlackElo "2203"]
[PlyCount "224"]
[EventDate "2016.04.02"]
[EventType "swiss"]
[EventRounds "9"]
[EventCountry "ENG"]
[Source "John Saunders"]
[SourceDate "2016.04.28"]
[WhiteClock "0:01:19"]
[BlackClock "0:06:19"]

1. e4 e6 2. d4 d5 3. Nc3 Bb4 4. e5 c5 5. a3 Bxc3+ 6. bxc3 Qa5 7. Bd2 Qa4 8. Qg4
Kf8 9. Qd1 b6 10. dxc5 bxc5 11. Nf3 Ba6 12. Bxa6 Qxa6 13. Qe2 Ne7 14. Rb1 Nec6
15. Be3 Qxe2+ 16. Kxe2 Nd7 17. Rb7 Ke8 18. Rc7 Ncxe5 19. Nxe5 Nxe5 20. Bxc5 Nd7
21. Rb1 Nxc5 22. Rxc5 Ke7 23. Rc7+ Kf6 24. Rbb7 Rhf8 25. Rxa7 Rxa7 26. Rxa7 Rc8
27. Kd3 h5 28. h4 Rc4 29. g3 g6 30. a4 e5 31. a5 Ra4 32. a6 Ke6 33. Ra8 Kf5 34.
a7 Kg4 35. Rd8 Rxa7 36. Rxd5 Kf3 37. Rxe5 Rd7+ 38. Kc4 Kxf2 39. Rg5 Rd8 40. Kb5
Rg8 41. c4 f6 42. Rd5 Kxg3 43. c5 f5 44. c6 f4 45. c7 Rc8 46. Kc6 f3 47. Kb7 f2
48. Rd1 Re8 49. c8=Q Rxc8 50. Kxc8 Kxh4 51. Rf1 Kg3 52. c4 Kg2 53. Rc1 f1=Q 54.
Rxf1 Kxf1 55. c5 h4 56. c6 h3 57. c7 h2 58. Kb8 h1=Q 59. c8=Q Qh2+ 60. Kb7 Qb2+
61. Ka7 Qd4+ 62. Ka6 Qd3+ 63. Ka7 Qe3+ 64. Ka6 g5 65. Qf5+ Ke1 66. Qb1+ Kf2 67.
Qf5+ Kg3 68. Ka5 g4 69. Qh5 Qd4 70. Qg5 Kf2 71. Qf5+ Kg2 72. Qc2+ Kf3 73. Qf5+
Ke2 74. Qe6+ Kd2 75. Qa2+ Ke1 76. Qe6+ Kf1 77. Qf5+ Kg2 78. Qc2+ Qf2 79. Qe4+
Kh3 80. Qh7+ Qh4 81. Qd3+ g3 82. Qf5+ Kh2 83. Qe5 Qd8+ 84. Ka6 Qa8+ 85. Kb5 Qf3
86. Qh8+ Kg1 87. Ka5 g2 88. Qa1+ Kf2 89. Qb2+ Kg3 90. Qg7+ Kh2 91. Qh8+ Qh3 92.
Qe5+ Kh1 93. Qd5 Qg4 94. Kb5 Kh2 95. Qd6+ Kh3 96. Qh6+ Kg3 97. Qe3+ Qf3 98.
Qg5+ Qg4 99. Qe5+ Kh4 100. Qh2+ Kg5 101. Qg1 Qe4 102. Ka5 Kf4 103. Qf2+ Kg4
104. Qg1 Kg3 105. Kb5 Qf5+ 106. Kb4 Qf2 107. Qc1 Qd4+ 108. Ka5 g1=Q 109. Qg5+
Kf3 110. Qf5+ Ke2 111. Qh5+ Kd2 112. Qh6+ Kc3 0-1

[Event "Colin Crouch Masters 1st"]
[Site "Harrow High School"]
[Date "2016.04.02"]
[Round "1.22"]
[White "Robinson, Nette"]
[Black "Britton, Richard L"]
[Result "0-1"]
[WhiteElo "1501"]
[BlackElo "2186"]
[PlyCount "86"]
[EventDate "2016.04.02"]
[EventType "swiss"]
[EventRounds "9"]
[EventCountry "ENG"]
[Source "John Saunders"]
[SourceDate "2016.04.28"]
[WhiteClock "0:01:18"]
[BlackClock "0:21:07"]

1. e4 c5 2. Nf3 d6 3. d4 cxd4 4. Nxd4 Nf6 5. Nc3 a6 6. Be2 e5 7. Nf3 h6 8. O-O
Be6 9. Re1 Nbd7 10. b3 Rc8 11. Bb2 Be7 12. Qd2 O-O 13. Rad1 Qc7 14. Bd3 Rfe8
15. Ne2 Bg4 16. Qe3 d5 17. c3 Bc5 18. Nfd4 exd4 19. cxd4 dxe4 20. dxc5 exd3 21.
Qxd3 Qxc5 22. h3 Bxe2 23. Rxe2 Rxe2 24. Qxe2 Re8 25. Qf3 Qc2 26. Bxf6 Nxf6 27.
a4 Qe2 28. Qd3 Qxd3 29. Rxd3 Kf8 30. Rc3 Rd8 31. a5 Nd5 32. Rd3 Ke7 33. Rg3 g5
34. Rg4 Nf4 35. Kh2 Rd3 36. h4 f5 37. Rg3 Rxg3 38. fxg3 Nd3 39. hxg5 hxg5 40.
Kh3 Kd6 41. g4 Nf2+ 42. Kg3 Nxg4 43. Kf3 Kc5 0-1

[Event "Colin Crouch Masters 1st"]
[Site "Harrow High School"]
[Date "2016.04.02"]
[Round "1.23"]
[White "Ross, Chris N"]
[Black "Mandnikar, Atreya"]
[Result "1-0"]
[WhiteElo "2194"]
[BlackElo "1689"]
[PlyCount "77"]
[EventDate "2016.04.02"]
[EventType "swiss"]
[EventRounds "9"]
[EventCountry "ENG"]
[Source "John Saunders"]
[SourceDate "2016.04.28"]

1. e4 c5 2. Nf3 Nc6 3. Bb5 a6 4. Bxc6 bxc6 5. d3 g6 6. Nc3 Bg7 7. Be3 d6 8. h3
Rb8 9. Qc1 Qb6 10. Nd1 Bxb2 11. Nxb2 Qxb2 12. Qd1 Qb6 13. O-O Nf6 14. Bh6 Rg8
15. Kh1 Qc7 16. Qd2 Be6 17. e5 dxe5 18. Nxe5 Qxe5 19. Bf4 Qb2 20. Bxb8 Qxb8 21.
Rab1 Qc7 22. Qg5 c4 23. dxc4 Bxc4 24. Rfe1 Be6 25. Rb4 Nd5 26. Rb2 f6 27. Qh4
Bf7 28. c4 Qf4 29. Qxh7 Qxc4 30. Rb8+ Kd7 31. Rxg8 Bxg8 32. Qxg8 Qxa2 33. Qe6+
Kc7 34. Rc1 Nc3 35. Qxe7+ Kb6 36. Qd8+ Ka7 37. Qc7+ Ka8 38. Qxc6+ Kb8 39. Qxc3
1-0